La métaphysique

Salvato in:
Dettagli Bibliografici
Autore principale: Teofrasto (Autore)
Natura: Libro
Lingua:francese
Pubblicazione: París J. Vrin 1948
Serie:Bibliothèque des Textes Philosophiques
Soggetti:
Tags: Aggiungi Tag
Nessun Tag, puoi essere il primo ad aggiungerne!!

MARC

LEADER 00000nam a2200000 a 4500
001 UCZ2734
003 CL-VaPUC
008 951006e19480000FR |||||||||||||||||fre|d
082 0 4 |a 185  |b TEO  |2 21 
100 0 |a Teofrasto  |e author  |9 267068 
245 1 3 |a La métaphysique 
300 |a 43 p 
942 |c BK 
945 |d 19951006 00:00:00  |a cmena 
260 |a París  |b J. Vrin  |c 1948 
650 0 |a Metafísica  |9 265649 
650 0 |a Filosofía griega  |9 265579 
650 0 |a Ontología   |9 256850 
650 7 |a SER  |2 CL-VaPUC  |9 320176 
650 0 |a Naturaleza humana   |9 308593 
583 |a last modification  |c 19951006 00:00:00  |k Rodrigo Vera 
490 0 |a Bibliothèque des Textes Philosophiques 
999 |c 239289  |d 239287 
952 |0 0  |1 0  |4 0  |6 185_000000000000000_TEO_1948  |7 0  |8 P  |9 250327  |a BIBEDU  |b BIBEDU  |c BIBEDU_PB  |d 2019-11-18  |i 1581155  |o 185 TEO 1948  |p 1581155  |r 2024-01-25  |w 2019-11-18  |y BK  |k FIL 
952 |0 0  |1 0  |4 0  |6 185_000000000000000_TEO_1948  |7 0  |8 P  |9 250328  |a BIBEDU  |b BIBEDU  |c BIBEDU_PB  |d 2019-11-18  |i 3172643  |o 185 TEO 1948  |p 3172643  |r 2024-01-25  |w 2019-11-18  |y BK  |k FIL